[Event "Hessen-ch U17 Open"]
[Site "Bad Homburg"]
[Date "2013.??.??"]
[Round "7"]
[White "Mitas, Raphael"]
[Black "Fassmann, Tim"]
[Result "0-1"]
[WhiteElo "812"]
[BlackElo "892"]
[PlyCount "62"]
[EventDate "2013.03.??"]
[EventType "swiss"]
[EventRounds "7"]
[EventCountry "GER"]
[SourceTitle "EXT 2014"]
[Source "ChessBase"]
[SourceDate "2013.11.20"]
[SourceVersion "1"]
[SourceVersionDate "2013.11.20"]
[SourceQuality "1"]

1. e4 e5 2. Nf3 Nc6 3. Bc4 Nf6 4. Nc3 Bb4 5. d4 Nxe4 6. Qd3 Nf6 7. dxe5 Ng4 8. h3 Ngxe5 9. Nxe5 Nxe5 10. Qe4 Bxc3+ 11. bxc3 0-0 12. Qxe5 Re8 13. Qxe8+ Qxe8+ 14. Be3 d6 15. 0-0 Bf5 16. Bd3 Bxd3 17. cxd3 Qc6 18. Rfe1 h6 19. Bd2 Qd5 20. Red1 Qxd3 21. Bxh6 Qxc3 22. Bd2 Qf6 23. Re1 Kf8 24. Be3 a6 25. a4 c5 26. Red1 c4 27. Bd4 Qf5 28. Rdb1 Qd3 29. Rd1 Qe4 30. Be3 d5 31. Rd4 Qe5 0-1